Normal view
MARC view
- Hanif, Muhammad Talha
Entry Personal Name
001 - CONTROL NUMBER
- control field: 122500
003 - CONTROL NUMBER IDENTIFIER
- control field: NUST
005 - DATE AND TIME OF LATEST TRANSACTION
- control field: 20240426161436.0
008 - FIXED-LENGTH DATA ELEMENTS
- fixed length control field: 240426|| aca||aabn | a|a d
040 ## - CATALOGING SOURCE
- Original cataloging agency: NUST
- Transcribing agency: NUST
100 ## - HEADING--PERSONAL NAME
- Personal name: Hanif, Muhammad Talha
670 ## - SOURCE DATA FOUND
- Source citation: Work cat.: (NUST): Hanif, Muhammad Talha , Synthesis and Tribological Analysis of MoS2 and ZnO Nanoparticles Based Bio-Lubricants /
